[Event "28th 4NCL Congress"]
[Site "Leamington Spa"]
[Date "2022.07.09"]
[Round "3"]
[Board "1"]
[White "Tomlinson, Zak"]
[Black "Turner, Lewis A"]
[Result "1-0"]
[WhiteElo "1847"]
[BlackElo "1986"]
[PlyCount "125"]
[EventDate "2022.07.08"]
[EventRounds "5"]
[EventCountry "ENG"]

1. e4 c5 2. c3 d5 3. exd5 Qxd5 4. d4 g6 5. Be3 cxd4 6. Qxd4 Nf6 7. c4 Qxd4 8.
Bxd4 Nc6 9. Bc3 Bg7 10. Nf3 O-O 11. Be2 Bf5 12. Nbd2 Rfe8 13. b4 e5 14. b5 Nd4
15. Nxd4 exd4 16. Bxd4 Bd3 17. Be3 Ng4 18. Rd1 Nxe3 19. Bxd3 Nxd1+ 20. Kxd1
Rad8 21. Kc2 Rd7 22. Rd1 b6 23. Nf3 Bf8 24. Re1 Rxe1 25. Nxe1 Bd6 26. g3 Re7
27. Ng2 Bc5 28. f3 Kg7 29. h3 Bf2 30. g4 g5 31. Be4 h6 32. Kd3 Kf6 33. f4 Ke6
34. fxg5 hxg5 35. Ke2 Kd6 36. Kf3 Kc5 37. Bd5 Bd4 38. h4 f6 39. h5 Kb4 40. Bg8
Re8 41. Bf7 Rf8 42. Bd5 f5 43. gxf5 Bc3 44. Kg4 Bd2 45. h6 Rh8 46. Kh5 g4 47.
Kxg4 Bxh6 48. Nf4 Kc5 49. Be6 Bxf4 50. Kxf4 Kd6 51. Bd5 Ke7 52. Ke5 Rh2 53. f6+
Kf8 54. Kd6 Rh6 55. Kc7 Rxf6 56. Kb7 Ke7 57. Kxa7 Kd7 58. Kb7 Kd8 59. Bc6 Rf7+
60. Kxb6 Kc8 61. a4 Kb8 62. a5 Rb7+ 63. Kc5  1-0

[Event "28th 4NCL Congress"]
[Site "Leamington Spa"]
[Date "2022.07.09"]
[Round "3"]
[Board "2"]
[White "Sangha, Manpreet"]
[Black "McDonnell, James J"]
[Result "1-0"]
[WhiteElo "1976"]
[BlackElo "1934"]
[PlyCount "43"]
[EventDate "2022.07.08"]
[EventRounds "5"]
[EventCountry "ENG"]

1. e4 c5 2. Nf3 d6 3. d4 cxd4 4. Nxd4 Nf6 5. Nc3 Nc6 6. Bg5 e6 7. Qd2 a6 8.
O-O-O Bd7 9. f4 Nxd4 10. Qxd4 Bc6 11. e5 dxe5 12. Qxe5 Qe7 13. Bc4 h6 14. Bh4
Rd8 15. Rxd8+ Qxd8 16. Rd1 Bd7 17. f5 Qe7 18. fxe6 fxe6 19. Ne4 Qb4 20. Nxf6+
gxf6 21. Bxf6 Qxc4 22. Qh5#  1-0

[Event "28th 4NCL Congress"]
[Site "Leamington Spa"]
[Date "2022.07.09"]
[Round "3"]
[Board "3"]
[White "Garnett, John S"]
[Black "Jones, Gabriel"]
[Result "1-0"]
[WhiteElo "1951"]
[BlackElo "1501"]
[PlyCount "75"]
[EventDate "2022.07.08"]
[EventRounds "5"]
[EventCountry "ENG"]

1. d4 d5 2. c4 e6 3. Nc3 Nf6 4. Bg5 Be7 5. cxd5 exd5 6. e3 c6 7. Bd3 O-O 8. Qc2
Nbd7 9. Nf3 Re8 10. O-O b6 11. Rab1 Bb7 12. b4 Bd6 13. e4 dxe4 14. Nxe4 Be7 15.
Nxf6+ Nxf6 16. Bxf6 Bxf6 17. Bxh7+ Kh8 18. Be4 Rc8 19. Rfe1 Qd6 20. Qb3 Rc7 21.
Rbd1 g6 22. b5 c5 23. Bxb7 Rxe1+ 24. Rxe1 Rxb7 25. dxc5 Qxc5 26. Nd2 Bd4 27.
Qf3 Rc7 28. Nb3 Re7 29. Rd1 Qe5 30. g3 Bb2 31. Qg4 Qxb5 32. Qh4+ Qh5 33. Rd8+
Kg7 34. Qxe7 Bf6 35. Qf8+ Kh7 36. Qxf7+ Bg7 37. Rd7 Qh3 38. Qxg7#  1-0

[Event "28th 4NCL Congress"]
[Site "Leamington Spa"]
[Date "2022.07.09"]
[Round "3"]
[Board "4"]
[White "Isik, Muhammed Oguz"]
[Black "Brocklehurst, Andrew"]
[Result "1/2-1/2"]
[WhiteElo "1547"]
[BlackElo "1987"]
[PlyCount "139"]
[EventDate "2022.07.08"]
[EventRounds "5"]
[EventCountry "ENG"]

1. e4 c5 2. Nc3 Nc6 3. Nge2 d6 4. g3 g6 5. Bg2 Bg7 6. O-O Nf6 7. d4 Nxd4 8.
Nxd4 cxd4 9. Qxd4 O-O 10. Be3 Be6 11. Qd2 Bc4 12. Rfe1 Ng4 13. Bd4 Bh6 14. Qd1
Ne5 15. f4 Nc6 16. Bf2 Bg7 17. Qf3 Qa5 18. Red1 Rac8 19. a3 Qa6 20. Rd2 Be6 21.
Nd5 Bxb2 22. Ra2 Bg7 23. f5 Bxd5 24. Rxd5 Nb4 25. Bf1 Qa4 26. Bb5 Qa5 27. Be1
Qb6+ 28. Bf2 Qa5 29. Be1 e6 30. Rxd6 Qxb5 31. axb4 exf5 32. exf5 Qe5 33. Rd1
Rfe8 34. Rxa7 Qxf5 35. Qxf5 gxf5 36. Rxb7 Rxc2 37. Rbd7 Ree2 38. Rd8+ Bf8 39.
Bd2 Kg7 40. Rd3 Be7 41. Bc3+ Kg6 42. R3d2 Rexd2 43. Bxd2 Rb2 44. Bc3 Rb3 45.
Be1 Bxb4 46. Bxb4 Rxb4 47. Kg2 f6 48. Rd8 f4 49. Rg8+ Kf7 50. Rg4 Rb2+ 51. Kf3
fxg3 52. hxg3 Rb3+ 53. Kg2 Rb5 54. Rc4 Kg6 55. Rc6 h5 56. Rc8 Rg5 57. Kh3 Rb5
58. Rg8+ Kf7 59. Rh8 Kg6 60. Rg8+ Kh7 61. Rc8 Rb1 62. Rc4 Kg6 63. Rf4 Rb3 64.
Kh4 Rb1 65. Kh3 Kg5 66. Rc4 Rb5 67. Ra4 Rb8 68. Ra5+ f5 69. Ra3 Rb4 70. Ra8
 1/2-1/2

[Event "28th 4NCL Congress"]
[Site "Leamington Spa"]
[Date "2022.07.09"]
[Round "3"]
[Board "5"]
[White "Dean, Robert A"]
[Black "Obi, Okwose Marc"]
[Result "1-0"]
[WhiteElo "1843"]
[BlackElo "1962"]
[PlyCount "51"]
[EventDate "2022.07.08"]
[EventRounds "5"]
[EventCountry "ENG"]

1. e4 c5 2. f4 e6 3. Nf3 Nc6 4. Bb5 Nd4 5. Nxd4 cxd4 6. O-O Nf6 7. d3 a6 8. Ba4
h5 9. Nd2 b5 10. Bb3 Bc5 11. Nf3 Bb7 12. Qe1 Qb6 13. Ng5 Nh7 14. Qg3 g6 15. f5
Nxg5 16. Bxg5 Rg8 17. fxe6 dxe6 18. Rf2 Rg7 19. Raf1 Rc8 20. Qe5 Rh7 21. Rxf7
Rxf7 22. Rxf7 Kxf7 23. Qf6+ Ke8 24. Bxe6 Qc7 25. Qxg6+ Kf8 26. Qg8#  1-0

[Event "28th 4NCL Congress"]
[Site "Leamington Spa"]
[Date "2022.07.09"]
[Round "3"]
[Board "6"]
[White "Moss, Jack O"]
[Black "Brencher, Paul"]
[Result "1/2-1/2"]
[WhiteElo "1766"]
[BlackElo "1959"]
[PlyCount "152"]
[EventDate "2022.07.08"]
[EventRounds "5"]
[EventCountry "ENG"]

1. d4 d6 2. Nf3 Bg4 3. g3 Bxf3 4. exf3 d5 5. c4 c6 6. Nc3 e6 7. Qb3 Qd7 8. cxd5
exd5 9. h4 Bd6 10. Bh3 Qc7 11. O-O Ne7 12. Be3 O-O 13. Rfc1 a6 14. Bg5 f6 15.
Bd2 f5 16. f4 Nd7 17. Re1 Rf6 18. Re2 Kf7 19. Rae1 Qb6 20. Qxb6 Nxb6 21. b3 Nd7
22. Na4 Nf8 23. Nc5 Bxc5 24. dxc5 Re6 25. Bc3 Rxe2 26. Rxe2 Ne6 27. Be5 g6 28.
f3 Rd8 29. b4 h5 30. Kf2 a5 31. a3 axb4 32. axb4 Ra8 33. Rb2 Ra3 34. Bf1 Ng8
35. Be2 Nf6 36. Bd1 Nd7 37. Be2 Nxe5 38. fxe5 Nd4 39. b5 cxb5 40. Bxb5 Rxf3+
41. Kg2 Rb3 42. Rxb3 Nxb3 43. c6 bxc6 44. Bxc6 Nc5 45. Bxd5+ Ke7 46. Kf3 Nd3
47. Bb3 Nxe5+ 48. Kf4 Kf6 49. Ba2 Nc6 50. Bd5 Nd4 51. Bc4 Ne6+ 52. Kf3 Ke5 53.
Ke3 Nc5 54. Bf7 Kf6 55. Bd5 g5 56. Bc6 Ne6 57. Be8 Ng7 58. Bc6 gxh4 59. gxh4
Ke5 60. Bd7 f4+ 61. Kf3 Nf5 62. Be8 Nxh4+ 63. Kf2 Nf5 64. Bxh5 Ng3 65. Bf3 Kd4
66. Bc6 Nf5 67. Kf3 Ke5 68. Bb7 Nd4+ 69. Kf2 Kf5 70. Bd5 Kg4 71. Bb7 Nb3 72.
Bf3+ Kh3 73. Bg2+ Kg4 74. Bf3+ Kf5 75. Bc6 Nc5 76. Kf3 Nd3  1/2-1/2

[Event "28th 4NCL Congress"]
[Site "Leamington Spa"]
[Date "2022.07.09"]
[Round "3"]
[Board "7"]
[White "McLachlan, Matthew"]
[Black "Thynne, Trefor F"]
[Result "1/2-1/2"]
[WhiteElo "1795"]
[BlackElo "1897"]
[PlyCount "33"]
[EventDate "2022.07.08"]
[EventRounds "5"]
[EventCountry "ENG"]

1. d4 d5 2. Nf3 Nf6 3. Bf4 c5 4. c3 Nc6 5. e3 Qb6 6. Qc2 Bg4 7. Nbd2 Rc8 8.
dxc5 Qxc5 9. Nb3 Qb6 10. Be2 e6 11. Nfd4 Bxe2 12. Qxe2 Be7 13. O-O O-O 14. Nc1
Rfe8 15. Nd3 Bf8 16. Nxc6 bxc6 17. Ne5  1/2-1/2

[Event "28th 4NCL Congress"]
[Site "Leamington Spa"]
[Date "2022.07.09"]
[Round "3"]
[Board "8"]
[White "Gordon, Sean"]
[Black "Boughen, Andrew"]
[Result "1/2-1/2"]
[WhiteElo "1890"]
[BlackElo "1799"]
[PlyCount "51"]
[EventDate "2022.07.08"]
[EventRounds "5"]
[EventCountry "ENG"]

1. Nf3 Nf6 2. g3 g6 3. b3 Bg7 4. Bb2 O-O 5. Bg2 Nc6 6. O-O b6 7. c4 Bb7 8. d4
e6 9. Nbd2 Ne7 10. Qc2 c5 11. e4 cxd4 12. Nxd4 d5 13. exd5 exd5 14. Rad1 Qc7
15. Rfe1 Rfe8 16. cxd5 Qxc2 17. Nxc2 Nfxd5 18. Bxg7 Kxg7 19. Nc4 Rad8 20. N2e3
Nxe3 21. Rxd8 Rxd8 22. Bxb7 Rd1 23. Rxd1 Nxd1 24. Kf1 Nc3 25. a3 Nf5 26. Nd2
 1/2-1/2

[Event "28th 4NCL Congress"]
[Site "Leamington Spa"]
[Date "2022.07.09"]
[Round "3"]
[Board "9"]
[White "Hickman, John E"]
[Black "Veselow, Zoe"]
[Result "0-1"]
[WhiteElo "1869"]
[BlackElo "1641"]
[PlyCount "88"]
[EventDate "2022.07.08"]
[EventRounds "5"]
[EventCountry "ENG"]

1. Nf3 Nf6 2. g3 d5 3. Bg2 e6 4. O-O Bd6 5. d3 O-O 6. Nbd2 c5 7. e4 Nc6 8. Re1
dxe4 9. dxe4 Be7 10. e5 Nd7 11. h4 b5 12. Nf1 Bb7 13. N1h2 Qc7 14. Qe2 a6 15.
h5 Rfd8 16. h6 g6 17. Ng4 Nd4 18. Nxd4 cxd4 19. Bf4 Bxg2 20. Kxg2 Nb6 21. Red1
Qc6+ 22. Kg1 Rac8 23. Rdc1 Nd5 24. Bd2 Rd7 25. Nh2 Nb6 26. Qg4 Qd5 27. Bf4 Nc4
28. Nf3 Nxb2 29. Rab1 Nc4 30. Rd1 Qc5 31. Bg5 Bf8 32. Qf4 Na3 33. Rbc1 Qc4 34.
Bf6 Qxa2 35. Rxd4 Rxd4 36. Nxd4 Qb2 37. Rd1 Nxc2 38. Nxe6 fxe6 39. Bg7 Nb4 40.
Rd7 Qb1+ 41. Kh2 Qf5 42. Qh4 Qxf2+ 43. Kh3 Qf1+ 44. Kg4 Qf5#  0-1

[Event "28th 4NCL Congress"]
[Site "Leamington Spa"]
[Date "2022.07.09"]
[Round "3"]
[Board "10"]
[White "Sivanandan, Bodhana"]
[Black "Jakhria, Kushal"]
[Result "1-0"]
[WhiteElo "1588"]
[BlackElo "1853"]
[PlyCount "165"]
[EventDate "2022.07.08"]
[EventRounds "5"]
[EventCountry "ENG"]

1. e4 c5 2. Nc3 Nc6 3. f4 g6 4. Nf3 Bg7 5. Bb5 Nd4 6. Bc4 e6 7. e5 Ne7 8. Ne4
d5 9. exd6 Nef5 10. d3 Nxd6 11. Nxd6+ Qxd6 12. O-O O-O 13. c3 Nc6 14. Be3 e5
15. fxe5 Nxe5 16. Nxe5 Bxe5 17. h3 Bg7 18. Qb3 Be6 19. Bxe6 fxe6 20. Qc4 b6 21.
Bf4 Qc6 22. Rae1 Rae8 23. Be5 Rxf1+ 24. Kxf1 Qd7 25. Bxg7 Kxg7 26. Kg1 Qd6 27.
Qa6 Re7 28. Qc4 Qc6 29. Qf4 Qd5 30. Qe5+ Qxe5 31. Rxe5 Kf6 32. Re3 Rd7 33. Kf2
Rd5 34. g3 c4 35. dxc4 Rc5 36. Re4 e5 37. Ke3 Rc6 38. b3 Rd6 39. c5 bxc5 40.
Rc4 Ra6 41. Rxc5 Rxa2 42. h4 Kf5 43. Kf3 h5 44. b4 Ra3 45. Rc8 a6 46. Rf8+ Ke6
47. Rc8 a5 48. bxa5 Rxa5 49. Rc6+ Kf5 50. Rc8 e4+ 51. Ke3 Ke5 52. Rc6 Rd5 53.
c4 Rd3+ 54. Kf2 Rf3+ 55. Kg2 Rc3 56. Kf2 Rc2+ 57. Ke3 Rg2 58. Rc5+ Ke6 59. Rg5
Rc2 60. Rxg6+ Kd7 61. Rg5 Rxc4 62. Rxh5 Rc3+ 63. Kf4 Rf3+ 64. Kg4 Kd6 65. Rh8
Rf7 66. Re8 Kd5 67. h5 Rg7+ 68. Kh4 Kd4 69. g4 Ke3 70. h6 Rh7 71. g5 Kf4 72.
Kh5 Ra7 73. Rf8+ Ke5 74. g6 e3 75. h7 Kd6 76. h8=Q Ra2 77. Qd4+ Kc6 78. Rf6+
Kc7 79. Qc5+ Kb8 80. Qd6+ Ka8 81. Rf8+ Ka7 82. Rf7+ Ka8 83. Qf8#  1-0

[Event "28th 4NCL Congress"]
[Site "Leamington Spa"]
[Date "2022.07.09"]
[Round "3"]
[Board "11"]
[White "Burns, Kenneth"]
[Black "Jacob, Sydney J"]
[Result "1/2-1/2"]
[WhiteElo "1711"]
[BlackElo "1899"]
[PlyCount "50"]
[EventDate "2022.07.08"]
[EventRounds "5"]
[EventCountry "ENG"]

1. d4 Nf6 2. c4 e6 3. Nf3 d5 4. Bg5 Be7 5. Nc3 O-O 6. e3 b6 7. cxd5 exd5 8. Bd3
Nbd7 9. O-O Bb7 10. Rb1 Ne4 11. Bxe4 dxe4 12. Bxe7 Qxe7 13. Nd2 c5 14. Nb3 f5
15. dxc5 Nxc5 16. Nxc5 Qxc5 17. Qb3+ Kh8 18. Rbc1 Qe5 19. Ne2 Rfd8 20. Rfd1 g5
21. Qc3 Qxc3 22. Nxc3 Rac8 23. g3 Ba6 24. Rxd8+ Rxd8 25. Rc2 Kg7  1/2-1/2

[Event "28th 4NCL Congress"]
[Site "Leamington Spa"]
[Date "2022.07.09"]
[Round "3"]
[Board "12"]
[White "Daniels, David W"]
[Black "Chapman, Philip M"]
[Result "1/2-1/2"]
[WhiteElo "1921"]
[BlackElo "1758"]
[PlyCount "36"]
[EventDate "2022.07.08"]
[EventRounds "5"]
[EventCountry "ENG"]

1. d4 d5 2. c4 c6 3. cxd5 cxd5 4. Nf3 Nc6 5. Bf4 e6 6. e3 Nf6 7. Qb3 Bb4+ 8.
Nc3 Ne4 9. Rc1 Qb6 10. Bd3 Bxc3+ 11. bxc3 Qxb3 12. axb3 f5 13. Bxe4 fxe4 14.
Ne5 O-O 15. O-O Nxe5 16. Bxe5 b5 17. c4 bxc4 18. bxc4 dxc4 {Illegible
scoresheets}  1/2-1/2

[Event "28th 4NCL Congress"]
[Site "Leamington Spa"]
[Date "2022.07.09"]
[Round "3"]
[Board "13"]
[White "Acharya, Kandara"]
[Black "Figueroa, Edison"]
[Result "0-1"]
[WhiteElo "1748"]
[BlackElo "1888"]
[PlyCount "54"]
[EventDate "2022.07.08"]
[EventRounds "5"]
[EventCountry "ENG"]

1. e4 e5 2. Nf3 d5 3. exd5 Bd6 4. Bb5+ c6 5. dxc6 Nxc6 6. d3 Nf6 7. h3 O-O 8.
O-O Qc7 9. Nc3 a6 10. Bxc6 Qxc6 11. Bg5 Nd5 12. Nxd5 Qxd5 13. Qe2 h6 14. Bd2 f5
15. c4 Qe6 16. Rfe1 Re8 17. Bc3 e4 18. dxe4 fxe4 19. Nh2 Qg6 20. Qe3 Bd7 21.
Rad1 Bc6 22. c5 Bc7 23. Nf1 Rf8 24. Ng3 Bf4 25. Qd4 e3 26. Qd3 exf2+ 27. Kxf2
Bxg3+  0-1

[Event "28th 4NCL Congress"]
[Site "Leamington Spa"]
[Date "2022.07.09"]
[Round "3"]
[Board "14"]
[White "Johnson, Richard J"]
[Black "Chantrell, Paul"]
[Result "1-0"]
[WhiteElo "1886"]
[BlackElo "1733"]
[PlyCount "87"]
[EventDate "2022.07.08"]
[EventRounds "5"]
[EventCountry "ENG"]

1. e4 e5 2. Nf3 Nc6 3. d4 exd4 4. Nxd4 Nf6 5. Nc3 Bb4 6. Nxc6 bxc6 7. Bd3 d5 8.
exd5 cxd5 9. O-O O-O 10. Bg5 c6 11. Qf3 Be7 12. Rfe1 h6 13. Bh4 Be6 14. Bf5
Bxf5 15. Qxf5 Re8 16. Rad1 Qc8 17. Qf3 Qd7 18. Ne2 Qg4 19. Qxg4 Nxg4 20. Bxe7
Rxe7 21. Nd4 Rae8 22. Rxe7 Rxe7 23. h3 Ne5 24. f4 Nc4 25. Nxc6 Rc7 26. Nb4 Rb7
27. Nd3 Ne3 28. Rc1 d4 29. c3 dxc3 30. Rxc3 Rd7 31. Ne5 Rd1+ 32. Kf2 Nd5 33.
Rd3 Rxd3 34. Nxd3 a5 35. Kf3 f5 36. a3 Kf8 37. Ne5 Nb6 38. g3 g5 39. fxg5 hxg5
40. Ke3 f4+ 41. gxf4 Nd5+ 42. Kf3 Nxf4 43. Kg4 Ne6 44. Kf5  1-0

[Event "28th 4NCL Congress"]
[Site "Leamington Spa"]
[Date "2022.07.09"]
[Round "3"]
[Board "15"]
[White "Sun, Meng"]
[Black "Fearnhead, Ben"]
[Result "1/2-1/2"]
[WhiteElo "1745"]
[BlackElo "1876"]
[PlyCount "78"]
[EventDate "2022.07.08"]
[EventRounds "5"]
[EventCountry "ENG"]

1. d4 d5 2. c4 e5 3. dxe5 Ne7 4. e3 Nbc6 5. Nc3 Be6 6. Nf3 dxc4 7. Qa4 Ng6 8.
Bxc4 Bxc4 9. Qxc4 Qd7 10. e6 fxe6 11. Ng5 Nd8 12. O-O Bd6 13. f4 h6 14. Nge4
Nf7 15. b3 O-O-O 16. Rd1 Qe7 17. Bb2 Nh4 18. Nb5 a6 19. Nbxd6+ Nxd6 20. Qb4
Nhf5 21. Nxd6+ Rxd6 22. Rxd6 Nxd6 23. Be5 Rd8 24. Rd1 Nf5 25. Rxd8+ Qxd8 26.
Kf2 Qh4+ 27. Kf3 Qh5+ 28. Ke4 Qg6 29. Qf8+ Kd7 30. g4 Nh4+ 31. Kd4 Nf3+ 32. Kc3
Nxe5 33. fxe5 Qxg4 34. Qf7+ Kc6 35. Qe8+ Kb6 36. Qd7 c6 37. a4 a5 38. Qd8+ Ka6
39. Qa8+ Kb6  1/2-1/2

[Event "28th 4NCL Congress"]
[Site "Leamington Spa"]
[Date "2022.07.09"]
[Round "3"]
[Board "16"]
[White "Ajimal, Jet"]
[Black "Towers, Nigel S"]
[Result "1/2-1/2"]
[WhiteElo "1627"]
[BlackElo "1864"]
[PlyCount "123"]
[EventDate "2022.07.08"]
[EventRounds "5"]
[EventCountry "ENG"]

1. e4 c6 2. d4 d5 3. exd5 cxd5 4. Bd3 Nf6 5. Nf3 Nc6 6. O-O Bg4 7. c3 e6 8. Bf4
Bd6 9. Bxd6 Qxd6 10. Nbd2 O-O 11. Qc2 Rac8 12. Rae1 Nb4 13. Qb1 Nxd3 14. Qxd3
Bf5 15. Qe2 a6 16. Ne5 Ne4 17. Nxe4 Bxe4 18. f3 Bg6 19. Nxg6 hxg6 20. Qe5 Qxe5
21. Rxe5 b5 22. a3 a5 23. Re3 Rc7 24. Rc1 Rfc8 25. Kf2 Rc4 26. Rd3 Kf8 27. Ke2
Ke7 28. Kd2 Kd6 29. f4 Rh8 30. h3 Rcc8 31. Rg3 Rh4 32. Rf1 b4 33. axb4 axb4 34.
Kc2 Rb8 35. Rgf3 Rhh8 36. Ra1 Rbc8 37. Ra6+ Rc6 38. Rxc6+ Kxc6 39. Rf1 b3+ 40.
Kd3 Ra8 41. Rf2 Kb5 42. g3 Ra1 43. Rg2 Rf1 44. h4 Rh1 45. Ke3 Kc4 46. Kd2 Rb1
47. Ke3 Rc1 48. Rd2 Rg1 49. Kf2 Rh1 50. Kf3 Rc1 51. Ke2 Rb1 52. Ke3 Ra1 53. Kf3
Rh1 54. Ke3 Rg1 55. Kf2 Rb1 56. Kf3 Rf1+ 57. Ke2 Rh1 58. Kf3 Kb5 59. Rg2 Rc1
60. Kf2 Kc4 61. Ke2 Rb1 62. Ke3  1/2-1/2

[Event "28th 4NCL Congress"]
[Site "Leamington Spa"]
[Date "2022.07.09"]
[Round "3"]
[Board "17"]
[White "Gardner, Phillip K"]
[Black "Clark, Evan"]
[Result "1-0"]
[WhiteElo "1863"]
[BlackElo "1712"]
[PlyCount "109"]
[EventDate "2022.07.08"]
[EventRounds "5"]
[EventCountry "ENG"]

1. e4 c5 2. c3 d5 3. exd5 Qxd5 4. d4 Nc6 5. Nf3 Bg4 6. Be2 Nf6 7. O-O e6 8. Be3
cxd4 9. cxd4 Be7 10. Nc3 Qd7 11. a3 Rd8 12. Qa4 O-O 13. Rad1 Nd5 14. Nxd5 Qxd5
15. Rd2 a6 16. h3 Bf5 17. Rfd1 Rd7 18. b4 Rfd8 19. b5 axb5 20. Qxb5 Bxa3 21.
Qxd5 Rxd5 22. Bc4 R5d6 23. Bf4 R6d7 24. d5 exd5 25. Rxd5 Rxd5 26. Rxd5 Rxd5 27.
Bxd5 Na5 28. Bc7 Nc6 29. Ng5 Bg6 30. g4 h5 31. f4 hxg4 32. hxg4 Be7 33. Nf3 Bd3
34. Kf2 Bc5+ 35. Kg3 Kf8 36. Bxc6 bxc6 37. Ne5 Bb1 38. Nd7+ Ke7 39. Nxc5 f5 40.
g5 g6 41. Kf3 Bc2 42. Ke3 Bb1 43. Kd4 Ba2 44. Ke5 Bd5 45. Bd6+ Kf7 46. Nb7 Be4
47. Bc5 Bd5 48. Kd6 Be4 49. Nd8+ Ke8 50. Nxc6 Bxc6 51. Kxc6 Kf7 52. Kd7 Kg7 53.
Ke7 Kh7 54. Kf7 Kh8 55. Kxg6  1-0

[Event "28th 4NCL Congress"]
[Site "Leamington Spa"]
[Date "2022.07.09"]
[Round "3"]
[Board "18"]
[White "Loog, Tiiu"]
[Black "Holmes, Matthew A"]
[Result "0-1"]
[WhiteElo "1576"]
[BlackElo "1784"]
[PlyCount "122"]
[EventDate "2022.07.08"]
[EventRounds "5"]
[EventCountry "ENG"]

1. d4 d5 2. Bf4 Nf6 3. e3 c5 4. c3 Qb6 5. Qc1 Bf5 6. Nd2 e6 7. Ngf3 Nbd7 8. Ne5
Be7 9. Bd3 Bxd3 10. Nxd3 Nh5 11. Bg3 O-O 12. Ne5 Rad8 13. Rb1 g6 14. Nxd7 Rxd7
15. Nf3 f6 16. O-O Nxg3 17. hxg3 Bd6 18. dxc5 Bxc5 19. Qd2 Rfd8 20. Qe2 e5 21.
Rfd1 Kg7 22. b3 a6 23. c4 Qb4 24. Rxd5 Rxd5 25. cxd5 Rxd5 26. Rd1 Qe4 27. Rxd5
Qxd5 28. Qd2 Qxd2 29. Nxd2 b5 30. Kf1 f5 31. Ke2 Kf6 32. f3 h5 33. e4 Bd4 34.
exf5 gxf5 35. Nf1 e4 36. Ne3 Ke5 37. Nc2 Bc5 38. Ne3 f4 39. gxf4+ Kxf4 40. Nf1
exf3+ 41. gxf3 h4 42. Nh2 Kg3 43. Nf1+ Kg2 44. f4 h3 45. f5 h2 46. Nxh2 Kxh2
47. Kd3 Kg3 48. Ke4 b4 49. f6 Kg4 50. Kd5 Bf8 51. Kc6 Kf5 52. f7 Ke6 53. Kb6
Kxf7 54. Kxa6 Ke6 55. Kb5 Kd5 56. Ka4 Kd4 57. Kb5 Kc3 58. Ka4 Kb2 59. Kb5 Kxa2
60. Kc4 Kb2 61. Kd3 Kxb3  0-1

[Event "28th 4NCL Congress"]
[Site "Leamington Spa"]
[Date "2022.07.09"]
[Round "3"]
[Board "19"]
[White "Freund, Michael P"]
[Black "Timbrell, Matthew"]
[Result "1/2-1/2"]
[WhiteElo "1759"]
[BlackElo "1709"]
[PlyCount "39"]
[EventDate "2022.07.08"]
[EventRounds "5"]
[EventCountry "ENG"]

1. e4 c6 2. d3 d5 3. Nd2 Nf6 4. Ngf3 Bg4 5. Be2 e6 6. O-O Be7 7. Ne5 Bxe2 8.
Qxe2 Nbd7 9. Nxd7 Nxd7 10. e5 c5 11. Nf3 Qb6 12. c3 O-O 13. Be3 Rfc8 14. d4 a6
15. Rfc1 c4 16. Qc2 Qd8 17. Qd2 b5 18. Bg5 Bxg5 19. Qxg5 Qxg5 20. Nxg5  1/2-1/2

[Event "28th 4NCL Congress"]
[Site "Leamington Spa"]
[Date "2022.07.09"]
[Round "3"]
[Board "20"]
[White "Webster, Vivien"]
[Black "Bowman, Richard L"]
[Result "0-1"]
[WhiteElo "1614"]
[BlackElo "1893"]
[PlyCount "72"]
[EventDate "2022.07.08"]
[EventRounds "5"]
[EventCountry "ENG"]

1. d4 c6 2. c4 d5 3. e3 Nf6 4. h3 e6 5. a3 Bd6 6. Nf3 Ne4 7. cxd5 exd5 8. Bd3
f5 9. O-O Nd7 10. Nbd2 O-O 11. Qb3 Kh8 12. Ne1 Qh4 13. Ndf3 Qf6 14. Qd1 g5 15.
Nh2 Qh6 16. Bxe4 fxe4 17. Ng4 Qh5 18. Bd2 b6 19. Bb4 Qg6 20. Bxd6 Qxd6 21. Rc1
Ba6 22. Ne5 Rac8 23. f4 Bxf1 24. Kxf1 Nxe5 25. dxe5 Qxe5 26. Kg1 gxf4 27. exf4
Qxf4 28. Qd4+ Qf6 29. Nc2 Qxd4+ 30. Nxd4 c5 31. Nb5 a6 32. Nc3 Rcd8 33. Na4 Rf6
34. Nc3 e3 35. Rd1 d4 36. Ne4 Rf4  0-1

[Event "28th 4NCL Congress"]
[Site "Leamington Spa"]
[Date "2022.07.09"]
[Round "3"]
[Board "22"]
[White "Dooley, Max"]
[Black "Pyda, Arjun"]
[Result "1-0"]
[WhiteElo "1728"]
[BlackElo "1789"]
[PlyCount "83"]
[EventDate "2022.07.08"]
[EventRounds "5"]
[EventCountry "ENG"]

1. e4 d5 2. exd5 Qxd5 3. Nc3 Qd8 4. d4 c6 5. Nf3 Bf5 6. Bc4 e6 7. O-O Nf6 8. h3
h6 9. Re1 Be7 10. Qe2 Nd5 11. Ne4 O-O 12. Ng3 Bh7 13. a4 Nd7 14. Bd2 Bd6 15.
Ne5 Nxe5 16. dxe5 Bc5 17. Qg4 Kh8 18. c3 Qb6 19. Rf1 Qxb2 20. Nh5 Bg6 21. Ra2
Qb6 22. Bxd5 cxd5 23. Qh4 Bxh5 24. Qxh5 Kh7 25. a5 Qd8 26. Ra4 Be7 27. Rg4 g5
28. h4 f6 29. exf6 Qe8 30. Qxe8 Raxe8 31. fxe7 Rxe7 32. hxg5 hxg5 33. Rxg5 b6
34. axb6 axb6 35. g3 Rg7 36. Rh5+ Kg6 37. Rh6+ Kf5 38. Re1 Re8 39. Bf4 Rb7 40.
Re5+ Kg4 41. Kg2 b5 42. f3#  1-0

[Event "28th 4NCL Congress"]
[Site "Leamington Spa"]
[Date "2022.07.09"]
[Round "3"]
[Board "23"]
[White "Coward, Neil"]
[Black "Winter, Kevin"]
[Result "1/2-1/2"]
[WhiteElo "1787"]
[BlackElo "1751"]
[PlyCount "69"]
[EventDate "2022.07.08"]
[EventRounds "5"]
[EventCountry "ENG"]

1. e4 d6 2. d4 Nf6 3. Nc3 Nbd7 4. f4 e5 5. fxe5 dxe5 6. dxe5 Nxe5 7. Qxd8+ Kxd8
8. Bg5 Be6 9. O-O-O+ Bd6 10. Nf3 Ke7 11. Nd4 c6 12. Nxe6 Kxe6 13. Bxf6 gxf6 14.
Ne2 Bc5 15. g3 Be3+ 16. Kb1 Rad8 17. Bh3+ Ke7 18. Bf5 h6 19. c3 Rxd1+ 20. Rxd1
Rd8 21. Rxd8 Kxd8 22. Kc2 Ke7 23. b3 b6 24. c4 Bc5 25. Kc3 Bf2 26. Nf4 Be1+ 27.
Kc2 Bf2 28. Nd3 Bg1 29. Nxe5 fxe5 30. h3 f6 31. Kd3 Bh2 32. g4 Bf4 33. Bc8 Kd6
34. Bf5 Bg5 35. Kc3  1/2-1/2

[Event "28th 4NCL Congress"]
[Site "Leamington Spa"]
[Date "2022.07.09"]
[Round "3"]
[Board "24"]
[White "Garrett, Peter A"]
[Black "Prince, Alan R"]
[Result "1/2-1/2"]
[WhiteElo "1784"]
[BlackElo "1730"]
[PlyCount "114"]
[EventDate "2022.07.08"]
[EventRounds "5"]
[EventCountry "ENG"]

1. e4 g6 2. d4 d6 3. f4 c6 4. Bd2 d5 5. exd5 cxd5 6. Bb5+ Bd7 7. Qe2 Nc6 8. Nf3
a6 9. Bxc6 Bxc6 10. Ne5 Rc8 11. Nxc6 Rxc6 12. c3 Re6 13. Be3 Nh6 14. O-O Nf5
15. Rf3 Bh6 16. g3 O-O 17. Qf2 Qb6 18. b3 Rc8 19. g4 Nxe3 20. Rxe3 Qd6 21. g5
Bg7 22. Nd2 Rxe3 23. Qxe3 Qb6 24. Nf3 Qc7 25. Rc1 e6 26. h4 Bf8 27. h5 b5 28.
hxg6 hxg6 29. Ne5 Bb4 30. c4 Bd6 31. Nxg6 Kg7 32. Ne5 Bxe5 33. fxe5 bxc4 34.
bxc4 dxc4 35. Qf4 Qe7 36. Qf6+ Qxf6 37. gxf6+ Kg6 38. Kf2 Rh8 39. a4 Rc8 40.
Ke3 Kf5 41. Rf1+ Kg5 42. Ke4 Kg6 43. Rg1+ Kh6 44. Rc1 Kg5 45. Rg1+ Kh6 46. d5
exd5+ 47. Kxd5 c3 48. e6 fxe6+ 49. Kd6 c2 50. f7 Rb8 51. Rc1 Kg7 52. Rxc2 Kxf7
53. Rf2+ Kg6 54. Kxe6 Rb6+ 55. Kd5 Rb4 56. Ra2 a5 57. Kc5 Kf6  1/2-1/2

[Event "28th 4NCL Congress"]
[Site "Leamington Spa"]
[Date "2022.07.09"]
[Round "3"]
[Board "25"]
[White "Vdovycia, Titas"]
[Black "Nilsson, Adam"]
[Result "0-1"]
[WhiteElo "1734"]
[BlackElo "1766"]
[PlyCount "27"]
[EventDate "2022.07.08"]
[EventRounds "5"]
[EventCountry "ENG"]

1. e4 e6 2. d4 d5 3. Nd2 Nf6 4. e5 Nfd7 5. Bd3 c5 6. c3 Nc6 7. Ne2 cxd4 8. cxd4
f6 9. Nf4 Nxd4 10. Qh5+ Ke7 11. Ng6+ hxg6 12. Qxh8 Nxe5 13. Bb1 Qc7 14. b3  0-1

[Event "28th 4NCL Congress"]
[Site "Leamington Spa"]
[Date "2022.07.09"]
[Round "3"]
[Board "26"]
[White "McMorran, Richard"]
[Black "Passariello, Andrea"]
[Result "1/2-1/2"]
[WhiteElo "1688"]
[BlackElo "1766"]
[PlyCount "58"]
[EventDate "2022.07.08"]
[EventRounds "5"]
[EventCountry "ENG"]

1. Nf3 b6 2. g3 Bb7 3. Bg2 e6 4. d4 d5 5. O-O Nf6 6. c4 c5 7. dxc5 Bxc5 8. Ne5
O-O 9. Nc3 Nbd7 10. Nxd7 Qxd7 11. Bg5 Rfd8 12. Bxf6 gxf6 13. cxd5 exd5 14. Qb3
Qf5 15. Rad1 Rd7 16. Nxd5 Rad8 17. e4 Bxd5 18. exd5 Re7 19. Qf3 Qe5 20. Qc3 Qd6
21. a3 Rc8 22. Qf3 Qd7 23. Qxf6 Rce8 24. b4 Bd6 25. Qc3 Re5 26. Rde1 Rxe1 27.
Rxe1 Rxe1+ 28. Qxe1 Bf8 29. Qc1 Qa4 {Illegible scoresheets}  1/2-1/2